| 000 | 02647nam a22002417a 4500 | ||
|---|---|---|---|
| 003 | Uzh_bibl | ||
| 008 | 260323b |||||||| |||| 00| 0 ukr d | ||
| 020 |
_a978-617-7281-10-7 _c190.00 |
||
| 040 | _bукр. | ||
| 041 |
_2ukr _aukr |
||
| 080 | _a641.56 | ||
| 090 |
_a641.56 _bС 31 |
||
| 100 | _aСенічкін,Руслан | ||
| 245 |
_aСніданки для дітей _cредактор-упорядник О.Маленко _hТекст |
||
| 260 |
_aКиїв _bБурда-Україна _c2015 |
||
| 300 |
_a212 с. _bіл. _fВ опр. |
||
| 520 | _aДруга книжка улюбленого телекулінара країни, ведучого «Сніданку з 1+1», дворазового володаря премії «Телетріумф» Руслана Сенічкіна присвячена дитячому меню. «Сніданки для дітей» - це рецепти, ретельно дібрані для маленьких ласунів та перевірені разом зі співавтором-експертом, лікарем-дієтологом Галиною Незговоровою, тож у меню тільки корисні, поживні, вітамінні та натуральні пропозиції, які легко готувати і важливо споживати. Руслан на 100% дотримався свого основного правила на кухні: корисна їжа може бути смачною. Всі страви були яскраво сервіровані за допомогою фуд-стиліста – для діток це додатковий стимул з’їсти все до крихти та справжня естетична насолода. Кожна родина знайде в добірці нові цікаві рецепти для малят від 6 місяців і аж до гурманів старшого шкільного віку. Окремо представлено святкові страви, сімейні рецепти зірок, пропозиції смачних перекусів та страви з дитинства Сенічкіна. Ці кулінарні ідеї легкі, не вимагають складних інгредієнтів і можуть стати вашими улюбленими родинними рецептами. | ||
| 521 | _aДля широкого кола читачів | ||
| 546 | _aукр. | ||
| 650 | _aПопулярна література | ||
| 653 |
_aРецепти _aСніданок |
||
| 942 |
_2udc _cBK |
||
| 999 |
_c17146 _d17146 |
||